Allgemeinwissen #1 - Statistiken

Allgemein
  • Dieses Quiz wurde 202 mal gespielt
  • Das Durchschnittsergebnis liegt bei 11 aus 12
Antwortstatistiken
Frage Antwort % Korrekt
In welchem Land findet man die Pyramiden von Gizeh? Ägypten
99%
Wer ist aktuell der Präsident der Vereinigten Staaten? Donald Trump
99%
Wann war der 2. Weltkrieg vorbei? 1945
98%
Wer gewann 2014 die Weltmeisterschaft im Fußball? Deutschland
98%
Wann ist die Berliner Mauer gefallen? 1989
97%
Welches Land hat die meisten Einwohner? Indien
97%
In welchem Bundesland befindet sich das Schloss Neuschwanstein? Bayern
95%
Was ist die Hauptstadt von Australien? Canberra
95%
Wie viele Staaten hat das Vereinigte Königreich? 4
94%
Was wird in Deutschland oft als 17 Bundesland bezeichnet? Mallorca
90%
Wer war vor Angela Merkel Bundeskanzler? Gerhard Schröder
83%
Wie viele Länder bildet den Kontinent Europa? 44
77%
Keine übereinstimmenden Quizze gefunden
Verteilung der Resultate
Anzahl Personen mit jedem Resultat
Perzentil nach korrekt beantworteten Fragen
Ihre Resultats-Entwicklung
Sie haben dieses Quiz noch nicht gespielt